| 000 | 00000nam##2200000za#4500 |
| 001 | 9.695856 |
| 003 | CaOODSP |
| 005 | 20210624234752 |
| 007 | cr ||||||||||| |
| 008 | 150407|2000||||xxc|||||o f|0| 0 eng|d |
| 040 | |aCaOODSP|beng |
| 043 | |an-cn--- |
| 086 | 1 |aH39-523/2000E-PDF |
| 110 | 1 |aCanada.|bHealth Canada. |bChildhood and Youth Division. |
| 245 | 10|aUnintentional injuries in childhood : |h[electronic resource]|bresults from Canadian health surveys / |c[by] Barry Pless and Wayne Millar. |
| 260 | |aOttawa - Ontario : |bHealth Canada. |cc2000. |
| 300 | |a103p.|bgraph, references, tables |
| 500 | |aThe catalogue number (H39-523/2000E) and ISBN (0-662-28607-3) for the print edition have been incorrectly copied in this electronic publication. |
| 520 | 3 |a"The principal goal of this report is to describe what has been learned about childhood injuries from recent Canadian health surveys. Four national population-based surveys have been analysed to this end - the General Social Survey (GSS), the National Population Health Survey (NPHS), the National Longitudinal Survey of Children and Youth (NLSCY), and the Health Promotion Survey (HPS)."--Preamble, p.7 of 103. |
| 590 | |a12-08-Supp|b2012-03-16 |
| 690 | 07|aInjuries|2gcpds |
| 690 | 07|aChildren|2gcpds |
| 690 | 07|aDemography|2gcpds |
| 720 | 1 |aMillar, Wayne |
| 720 | 1 |aPless, Barry |
| 775 | 08|tBlessures non intentionnelles chez les enfants : |w(CaOODSP)9.639976 |
| 776 | 0#|tUnintentional injuries in childhood : |w(CaOODSP)9.647646 |
| 856 | 40|ahttp://publications.gc.ca|qPDF|s267 KB|uhttps://publications.gc.ca/collections/Collection/H39-523-2000E.pdf |